[Event "J. Richter/Lask BZ-SK Gries"]
[Site "?"]
[Date "2013.11.09"]
[Round "2.1"]
[White "Spornberger, Maximilian"]
[Black "De Eccher, Stefano"]
[Result "1-0"]
[WhiteElo "2257"]
[BlackElo "2239"]
[PlyCount "75"]
[EventDate "2013.??.??"]

1. e4 d6 2. d4 Nf6 3. Nc3 e5 4. Nf3 Nbd7 5. Bc4 Be7 6. O-O O-O 7. Re1 a6 8. a4
b6 9. h3 c6 10. Ba2 Rb8 11. Rb1 b5 12. axb5 axb5 13. b4 Qc7 14. Be3 Nb6 15. Qe2
Ra8 16. dxe5 dxe5 17. Bxb6 Qxb6 18. Nxe5 Ra3 19. Qe3 Qa6 20. Bb3 Be6 21. Nd3
Bxb3 22. cxb3 Rd8 23. Rec1 h6 24. Ne2 Qa7 25. Qxa7 Rxa7 26. Ne5 Rd2 27. Nxc6
Rad7 28. Nc3 Bf8 29. e5 Nd5 30. Nxb5 Nf4 31. Nc3 R7d3 32. Kf1 f6 33. exf6 gxf6
34. Ne4 Ra2 35. Nxf6+ Kf7 36. Ne4 Bg7 37. b5 Bd4 38. Nb4 1-0

[Event "J. Richter/Lask BZ-SK Gries"]
[Site "?"]
[Date "2013.11.09"]
[Round "2.2"]
[White "Moncher, Stefano"]
[Black "Spornberger, Andre"]
[Result "1-0"]
[WhiteElo "2178"]
[BlackElo "2121"]
[PlyCount "105"]
[EventDate "2013.??.??"]

1. e4 e6 2. Nc3 d5 3. Nf3 Nf6 4. e5 Nfd7 5. d4 c5 6. dxc5 Nc6 7. Bf4 Bxc5 8.
Bd3 a6 9. Qe2 Nd4 10. Nxd4 Bxd4 11. O-O Qc7 12. Rae1 Bxc3 13. bxc3 Qxc3 14. Qg4
g6 15. Re3 Qb4 16. c3 Qa4 17. Rfe1 b6 18. Rh3 Qc6 19. c4 Bb7 20. Qg5 dxc4 21.
Be4 Qc7 22. Bc2 Bd5 23. Bc1 Qd8 24. Qe3 Nc5 25. Ba3 Qc7 26. Rb1 O-O-O 27. Bb4
Qc6 28. Rg3 Be4 29. Bxe4 Qxe4 30. Qxe4 Nxe4 31. Rg4 Nd2 32. Rb2 Nb3 33. Rxc4+
Kb7 34. h3 Nd4 35. Bc5 Nb5 36. Be3 Rd1+ 37. Kh2 Rhd8 38. a4 Nd4 39. Rbb4 a5 40.
Rb2 Rd5 41. g4 Rd3 42. Kg2 Nb3 43. Rf4 Rd7 44. Kg3 Kc6 45. Kh4 b5 46. Rc2+ Kd5
47. axb5 Rb7 48. b6 Nd4 49. Rc7 Rxb6 50. Rd7+ Kxe5 51. Rfxd4 Rdb3 52. Rxf7 h6
53. f4# 1-0

[Event "J. Richter/Lask BZ-SK Gries"]
[Site "?"]
[Date "2013.11.09"]
[Round "2.4"]
[White "Bevilacqua, Maurizio"]
[Black "Fongarolli, Diego"]
[Result "1-0"]
[WhiteElo "1979"]
[BlackElo "1950"]
[PlyCount "79"]
[EventDate "2013.??.??"]

1. d4 Nf6 2. c4 g6 3. Nc3 d5 4. Nf3 Bg7 5. Qb3 dxc4 6. Qxc4 a6 7. Bf4 c6 8. e4
O-O 9. Be2 b5 10. Qb3 Qa5 11. O-O Rd8 12. a3 Be6 13. Qc2 h6 14. h3 Nbd7 15. b4
Qb6 16. Rfd1 Rac8 17. Be3 Qb7 18. Qc1 Kh7 19. Qb1 Nb6 20. Nd2 Ne8 21. Nb3 Bxb3
22. Qxb3 Nd6 23. e5 Ndc4 24. Ne4 e6 25. h4 Qe7 26. g3 a5 27. bxa5 Nxa5 28. Qb4
Qxb4 29. axb4 Nac4 30. Ra7 Kg8 31. Rc1 Bf8 32. h5 Nxe3 33. Nf6+ Kg7 34. hxg6
Nd7 35. fxe3 Nxf6 36. Rxf7+ Kxg6 37. Rxf6+ Kg5 38. Bd3 Bxb4 39. Rg6+ Kh5 40.
Kg2 1-0

[Event "J. Richter/Lask BZ-SK Gries"]
[Site "?"]
[Date "2013.11.09"]
[Round "2.5"]
[White "Paulmichl, Martin"]
[Black "De Vita, Gianni"]
[Result "1-0"]
[WhiteElo "1933"]
[BlackElo "1925"]
[PlyCount "118"]
[EventDate "2013.??.??"]

1. d4 d5 2. Bg5 h6 3. Bh4 c5 4. dxc5 Qa5+ 5. Nc3 e6 6. e4 Nc6 7. exd5 exd5 8.
Bb5 Be6 9. Nge2 a6 10. Bxc6+ bxc6 11. Nd4 Qxc5 12. Nxe6 fxe6 13. Qh5+ Kd7 14.
Qf7+ Ne7 15. O-O Qb4 16. Bg3 Qg4 17. Rad1 Qf5 18. Qxf5 Nxf5 19. Na4 Ke8 20. Be5
Bd6 21. Rfe1 Bxe5 22. Rxe5 Kf7 23. Rde1 Rhe8 24. Nc5 Re7 25. Rxe6 Rxe6 26. Rxe6
Nd4 27. Rd6 Re8 28. g3 Nxc2 29. Rxc6 Nb4 30. Rb6 Nxa2 31. Rxa6 Nc1 32. Kf1 Rb8
33. Rd6 Rxb2 34. Rxd5 Rb5 35. Rd7+ Ke8 36. Rc7 g5 37. Ne4 Rb1 38. Kg2 Nd3 39.
Rh7 Rb6 40. Kf3 Ne5+ 41. Kg2 g4 42. h3 gxh3+ 43. Kxh3 Nf7 44. Rg7 Kf8 45. Rg4
Re6 46. Kg2 Ke7 47. Nc3 Re5 48. Ra4 Re1 49. Ra6 Re5 50. f4 Rc5 51. Ne4 Rc7 52.
Kf3 Rc1 53. Kg4 Rb1 54. Kf5 Rb7 55. Kg6 Rd7 56. Nf6 Rb7 57. Ng8+ Ke8 58. Ra8+
Nd8 59. f5 Rd7 1-0

[Event "J. Richter/Lask BZ-SK Gries"]
[Site "?"]
[Date "2013.11.09"]
[Round "2.6"]
[White "Kowalczyk, Martin"]
[Black "Zammarchi, Massimo"]
[Result "1/2-1/2"]
[WhiteElo "1840"]
[BlackElo "1922"]
[PlyCount "112"]
[EventDate "2013.??.??"]

1. e4 e5 2. Nf3 d6 3. d4 exd4 4. Nxd4 Nf6 5. Nc3 Be7 6. Be2 O-O 7. O-O Nbd7 8.
f4 Nc5 9. Bf3 a5 10. Be3 c6 11. Nb3 Nxb3 12. axb3 Qc7 13. Qe2 b5 14. Qf2 Rb8
15. h3 Re8 16. e5 Nd7 17. Bd4 d5 18. Bg4 b4 19. Na4 c5 20. Bxd7 Bxd7 21. Nxc5
Bxc5 22. Bxc5 Rbc8 23. Bd4 Qxc2 24. Qf3 Bf5 25. Rf2 Qc7 26. Qh5 Be4 27. Qg4 Rf8
28. f5 Kh8 29. e6 f6 30. h4 Rfe8 31. h5 h6 32. Re1 Qd6 33. Qh4 Rg8 34. Qh3 Rc6
35. Qg4 Rgc8 36. Be3 Rc2 37. Qg6 Rxf2 38. Kxf2 Qe5 39. Bxh6 Qxf5+ 40. Qxf5 Bxf5
41. e7 Be4 42. Bf4 Kg8 43. Rc1 Re8 44. Bd6 Kf7 45. Rc7 d4 46. g3 Bd5 47. Bc5
Bxb3 48. Ke2 Bc2 49. Ra7 a4 50. Bxb4 Bb3 51. Kd3 Rh8 52. Ra5 Bd1 53. Kxd4 Re8
54. Ke4 Bc2+ 55. Kf4 Bd1 56. Rd5 Bc2 1/2-1/2

[Event "J. Richter/Lask BZ II-SK Ehrenburg II"]
[Site "?"]
[Date "2013.11.09"]
[Round "2.3"]
[White "Zambelli, Walter"]
[Black "Bonseri, Sergio"]
[Result "0-1"]
[WhiteElo "1381"]
[BlackElo "1729"]
[PlyCount "52"]
[EventDate "2013.??.??"]

1. e4 e6 2. Bc4 c6 3. d3 d5 4. exd5 exd5 5. Bb3 Nf6 6. Bg5 Be7 7. h3 O-O 8. Nf3
Nbd7 9. O-O Nc5 10. Nc3 a5 11. a4 Nxb3 12. cxb3 h6 13. Bh4 Bf5 14. Ne2 Nh7 15.
Bxe7 Qxe7 16. Re1 Qf6 17. Ng3 Bg6 18. d4 Rfe8 19. Qd2 Be4 20. Nh2 Qg6 21. Re3
f5 22. Nxe4 dxe4 23. Rg3 Qd6 24. Re1 Nf6 25. Qxh6 Qxg3 26. Qxf6 Qxh2+ 0-1

[Event "SC Naturns Jambo-SK Deutschnofen"]
[Site "?"]
[Date "2013.11.09"]
[Round "2.1"]
[White "Gibitz, Othmar"]
[Black "Mukic, Josko"]
[Result "0-1"]
[WhiteElo "1655"]
[BlackElo "2265"]
[PlyCount "32"]
[EventDate "2013.??.??"]

1. e4 d5 2. exd5 Nf6 3. Nc3 Nxd5 4. Nxd5 Qxd5 5. d4 Nc6 6. Nf3 Bg4 7. Be2 O-O-O
8. c3 e5 9. Be3 exd4 10. Qa4 dxe3 11. Qxg4+ f5 12. Qg5 exf2+ 13. Kf1 Bc5 14. c4
Qe4 15. Qh4 Qc2 16. Qf4 Rhe8 0-1

[Event "SC Naturns Jambo-SK Deutschnofen"]
[Site "?"]
[Date "2013.11.09"]
[Round "2.2"]
[White "Teutsch, Alexander"]
[Black "Thurner, Markus"]
[Result "1-0"]
[WhiteElo "1957"]
[BlackElo "1876"]
[PlyCount "108"]
[EventDate "2013.??.??"]

1. d4 e6 2. Nf3 f5 3. g3 Nf6 4. Bg2 Be7 5. O-O O-O 6. c4 Qe8 7. Nc3 d6 8. Re1
Nc6 9. d5 Ne5 10. Nd4 Nxc4 11. dxe6 c6 12. b3 Nb6 13. Nxf5 d5 14. e4 Bb4 15.
Bd2 Qxe6 16. Nd4 Qe5 17. Nf3 Qh5 18. Nxd5 Nfxd5 19. exd5 Nxd5 20. Re5 Qf7 21.
Rxd5 cxd5 22. Bxb4 Bg4 23. Bxf8 Rxf8 24. Rc1 Bxf3 25. Bxf3 Qxf3 26. Qxf3 Rxf3
27. Kf1 Rf7 28. Ke2 Rd7 29. Kd3 Kf7 30. Re1 Kf6 31. Kd4 Kg5 32. f3 Kf6 33. Re5
Rc7 34. Re2 Rd7 35. f4 g5 36. fxg5+ Kxg5 37. h3 Kf6 38. Re5 Rg7 39. g4 Rg5 40.
Re8 h5 41. Ra8 hxg4 42. hxg4 a6 43. Rb8 Rxg4+ 44. Kxd5 Rb4 45. Kd6 a5 46. Kc7
a4 47. Rxb7 Rg4 48. Kc6 Ke6 49. Kb5 axb3 50. axb3 Kd6 51. b4 Rg5+ 52. Ka6 Kc6
53. b5+ Kd6 54. Kb6 Rg4 1-0

[Event "SC Naturns Jambo-SK Deutschnofen"]
[Site "?"]
[Date "2013.11.09"]
[Round "2.3"]
[White "Hofer, Alois"]
[Black "La Manna, Andrea"]
[Result "0-1"]
[WhiteElo "1734"]
[BlackElo "2157"]
[PlyCount "74"]
[EventDate "2013.??.??"]

1. e4 d5 2. exd5 Nf6 3. Nf3 Nxd5 4. d4 g6 5. c4 Nb6 6. Be3 Bg7 7. h3 O-O 8. Be2
Nc6 9. Nc3 e5 10. d5 Ne7 11. O-O Nf5 12. Bd2 c6 13. dxc6 bxc6 14. Ne4 Qe7 15.
Re1 Be6 16. Qc1 Rad8 17. a3 Rfe8 18. b3 c5 19. b4 cxb4 20. Bxb4 Qc7 21. c5 Nd5
22. Nfg5 Bc8 23. Bc4 Be6 24. Nxe6 fxe6 25. Nd6 Rf8 26. Ne4 Nd4 27. Bd2 Qc6 28.
Qd1 Rd7 29. Rb1 Kh8 30. Qg4 Nf4 31. Bc3 h5 32. Qg3 Nf5 33. Qh2 Rb7 34. Rxb7
Qxb7 35. g3 Nd5 36. Ng5 Nxc3 37. Nxe6 Re8 0-1

[Event "SC Naturns Jambo-SK Deutschnofen"]
[Site "?"]
[Date "2013.11.09"]
[Round "2.4"]
[White "Fox, Jonas"]
[Black "Welsch, Ulrich"]
[Result "1-0"]
[WhiteElo "1878"]
[BlackElo "1531"]
[PlyCount "111"]
[EventDate "2013.??.??"]

1. e4 e6 2. d4 d5 3. Nd2 c5 4. Ngf3 Nf6 5. e5 Nfd7 6. c3 Nc6 7. Bd3 Qb6 8. O-O
Be7 9. Qe2 cxd4 10. cxd4 Nxd4 11. Nxd4 Qxd4 12. Nf3 Qg4 13. h3 Qh5 14. Kh2 f5
15. exf6 Bd6+ 16. Kg1 Nxf6 17. Bb5+ Ke7 18. Be3 Rd8 19. Rac1 a6 20. Bd3 Bd7 21.
Rfe1 Rac8 22. Rcd1 e5 23. Bb6 e4 24. Bxd8+ Kxd8 25. Bxe4 Nxe4 26. Qd3 Nf6 27.
Nd4 Bc5 28. Qg3 Qf7 29. Qf4 Bxd4 30. Rxd4 Bc6 31. Qd6+ Qd7 32. Qb4 Qf7 33. Qd6+
Nd7 34. Rf4 Qg8 35. Re7 Rc7 36. Ref7 Kc8 37. Rf8+ Qxf8 38. Rxf8+ Nxf8 39. Qxf8+
Kd7 40. Qxg7+ Kd6 41. Qg3+ Kd7 42. f4 Kd8 43. Qg8+ Be8 44. Qxd5+ Rd7 45. Qe5
Rd1+ 46. Kf2 Bc6 47. Qh8+ Kc7 48. Qxh7+ Kb6 49. Qc2 Rd5 50. g4 Rc5 51. Qg6 Ra5
52. Kg3 Rd5 53. f5 Rd3+ 54. Kh4 Kc7 55. Qg7+ Bd7 56. f6 1-0

[Event "SC Naturns Jambo-SK Deutschnofen"]
[Site "?"]
[Date "2013.11.09"]
[Round "2.6"]
[White "Naegele, Norbert"]
[Black "Mittermair, Alois"]
[Result "1-0"]
[WhiteElo "1878"]
[BlackElo "1471"]
[PlyCount "89"]
[EventDate "2013.??.??"]

1. e4 c5 2. Nf3 Nc6 3. Bb5 e6 4. Bxc6 bxc6 5. O-O Be7 6. e5 f6 7. d4 cxd4 8.
Nxd4 Qc7 9. Bf4 fxe5 10. Qh5+ g6 11. Qxe5 Qxe5 12. Bxe5 Nf6 13. Nc3 O-O 14. a3
Rf7 15. Rad1 Ng4 16. Bg3 Ba6 17. Rfe1 Bc5 18. b4 Bb6 19. Na4 Nf6 20. Nf3 Nd5
21. Ne5 Rg7 22. c4 Nf6 23. Nc5 Bxc5 24. bxc5 Kf8 25. Rb1 Ke8 26. f3 Ke7 27. Rb4
Rgg8 28. Rd1 Rad8 29. Ra4 Bb7 30. Rxa7 Ba8 31. Be1 h6 32. Ba5 Rb8 33. Nxd7 Nxd7
34. Rdxd7+ Kf6 35. Bc3+ Kg5 36. Bd2+ Kh5 37. g4+ Kh4 38. Kg2 Rb2 39. Rd3 h5 40.
g5 e5 41. Re7 Bb7 42. Rxe5 Bc8 43. Re4+ Bg4 44. fxg4 hxg4 45. Rh3# 1-0

[Event "SC Naturns Jambo-SK Deutschnofen"]
[Site "?"]
[Date "2013.11.09"]
[Round "2.5"]
[White "Ebner, Fabian"]
[Black "Unterthurner, Hans"]
[Result "0-1"]
[WhiteElo "1407"]
[BlackElo "2041"]
[PlyCount "48"]
[EventDate "2013.??.??"]

1. Nf3 Nf6 2. d4 g6 3. c4 Bg7 4. Nc3 d5 5. e3 O-O 6. c5 b6 7. b4 a5 8. Qb3 axb4
9. cxb6 Na6 10. bxc7 Qxc7 11. Nb5 Qb7 12. a4 Ne4 13. Be2 Bd7 14. Bb2 Rfc8 15.
O-O Bf8 16. Ne5 Nd2 17. Qd1 Nxf1 18. Bxf1 Bf5 19. Bd3 Bxd3 20. Nxd3 Qd7 21. Qb3
Qf5 22. Rf1 e6 23. Bc1 Rc3 24. Nxc3 Qxd3 0-1

[Event "SC Naturns Jambo III-ASD Arci Scacchi I"]
[Site "?"]
[Date "2013.11.09"]
[Round "2.1"]
[White "Pichler, Klaus"]
[Black "Nischler, Herman"]
[Result "1-0"]
[WhiteElo "1690"]
[BlackElo "1438"]
[PlyCount "53"]
[EventDate "2013.??.??"]

1. e4 d5 2. d4 Nf6 3. exd5 Nxd5 4. c4 Nb6 5. Nc3 Bf5 6. Nf3 e6 7. Bd3 Bg4 8.
Be3 Be7 9. h3 Bh5 10. O-O Bf6 11. Be4 c6 12. b3 O-O 13. Qc2 Bg6 14. Rad1 Qe7
15. Rfe1 Rd8 16. g4 Bxe4 17. Nxe4 h6 18. g5 hxg5 19. Nfxg5 g6 20. Nxf6+ Qxf6
21. Qe4 Kg7 22. Bf4 Qf5 23. Be5+ Kf8 24. Qh4 Ke7 25. Nxe6+ Kxe6 26. Bf4+ Kd7
27. Re7+ 1-0

[Event "SK Steinegg Raiffeisen-SC SSV Bruneck"]
[Site "?"]
[Date "2013.11.09"]
[Round "2.2"]
[White "Lantschner, Carmen"]
[Black "Peintner, Andreas"]
[Result "1/2-1/2"]
[WhiteElo "1690"]
[BlackElo "1881"]
[PlyCount "70"]
[EventDate "2013.??.??"]

1. e4 c5 2. d4 cxd4 3. c3 d3 4. c4 Nf6 5. Nc3 d6 6. Bxd3 e6 7. Nf3 Nbd7 8. Bf4
a6 9. O-O Be7 10. Qe2 e5 11. Be3 O-O 12. Rac1 b6 13. Nd5 Bb7 14. Rfd1 Re8 15.
Nxe7+ Qxe7 16. Bg5 h6 17. Bxf6 Nxf6 18. Bb1 Qc7 19. Nd2 Qc6 20. f3 Nh5 21. g3
Nf6 22. Nf1 Rac8 23. Ne3 g6 24. Kg2 Kg7 25. Qd2 Red8 26. Nd5 Nxd5 27. cxd5 Qd7
28. Rxc8 Rxc8 29. Rc1 h5 30. Bd3 Qa4 31. Rxc8 Bxc8 32. Qc2 Qd4 33. Qc3 Qe3 34.
Bf1 Qxc3 35. bxc3 Kf6 1/2-1/2

[Event "SG Kaltern/Tramin 2 - Groeden II"]
[Site "?"]
[Date "2013.11.09"]
[Round "2.1"]
[White "Grossrubatscher, Herbert"]
[Black "Unterkofler, Alex"]
[Result "1/2-1/2"]
[WhiteElo "1615"]
[BlackElo "1713"]
[PlyCount "103"]
[EventDate "2013.??.??"]

1. e4 c6 2. d4 d5 3. exd5 cxd5 4. c4 Nf6 5. Nc3 e6 6. Nf3 Be7 7. Be2 dxc4 8.
Qa4+ Nbd7 9. Qxc4 Nb6 10. Qd3 Nbd5 11. a3 Bd7 12. Ne5 Rc8 13. Nxd7 Qxd7 14.
Nxd5 Nxd5 15. Qb5 a6 16. Qxd7+ Kxd7 17. O-O Bf6 18. Rd1 Rc7 19. Bf3 Rhc8 20.
Bxd5 exd5 21. Be3 Rc2 22. Rab1 Kc6 23. Kf1 Kb5 24. b3 R8c3 25. Ke1 Ra2 26. a4+
Kb6 27. Rd2 Rcc2 28. Rxc2 Rxc2 29. Kd1 Ra2 30. Kc1 Be7 31. Bd2 Ba3+ 32. Kd1 Bb2
33. Be3 Kc6 34. h3 b5 35. a5 b4 36. g4 h6 37. f3 Kb5 38. Kc2 Bxd4+ 39. Kd3 Bxe3
40. Kxe3 Rc2 41. Kd4 Kxa5 42. Kxd5 Kb5 43. h4 a5 44. f4 a4 45. bxa4+ Kxa4 46.
Ra1+ Kb3 47. Ra7 Rd2+ 48. Ke5 Re2+ 49. Kd4 Rg2 50. g5 hxg5 51. hxg5 f6 52. Rxg7
1/2-1/2

[Event "SG Kaltern/Tramin 2 - Groeden II"]
[Site "?"]
[Date "2013.11.09"]
[Round "2.2"]
[White "Sinner, Armin"]
[Black "Runggaldier, Andreas"]
[Result "1/2-1/2"]
[WhiteElo "1596"]
[BlackElo "1670"]
[PlyCount "48"]
[EventDate "2013.??.??"]

1. e4 c5 2. Nf3 d6 3. d4 cxd4 4. Nxd4 Nc6 5. Nc3 g6 6. Be3 Bg7 7. Qd2 a6 8. f3
Bd7 9. O-O-O Qa5 10. Kb1 Rc8 11. Nd5 Qxd2 12. Rxd2 Nxd4 13. Bxd4 Bxd4 14. Rxd4
b5 15. Nb6 Rc7 16. Nxd7 Kxd7 17. a4 Rb7 18. Rb4 Kc6 19. axb5+ axb5 20. c4 bxc4
21. Rxb7 Kxb7 22. Bxc4 e6 23. Rd1 Kc6 24. b4 Ne7 1/2-1/2

[Event "SG Kaltern/Tramin 2 - Groeden II"]
[Site "?"]
[Date "2013.11.09"]
[Round "2.3"]
[White "Knottner, Klaus"]
[Black "Stadler, Helmuth"]
[Result "0-1"]
[WhiteElo "1614"]
[BlackElo "1624"]
[PlyCount "82"]
[EventDate "2013.??.??"]

1. e4 e5 2. Nf3 Nc6 3. Bb5 d6 4. O-O Bd7 5. c3 Nf6 6. Re1 Be7 7. d4 O-O 8. Nbd2
exd4 9. cxd4 Bg4 10. Nf1 h6 11. Ng3 Nh7 12. Be3 Bf6 13. a3 Ne7 14. h3 Bd7 15.
Be2 Ng6 16. Qc2 Rc8 17. Rad1 Re8 18. Bc4 Bg5 19. e5 Be6 20. d5 Bxh3 21. gxh3
Nxe5 22. Nxe5 dxe5 23. Qf5 Qf6 24. Bb5 Red8 25. Bd3 g6 26. Qg4 Bxe3 27. fxe3
Ng5 28. Kg2 h5 29. Qe2 Rxd5 30. Rf1 Qd6 31. Rh1 Qb6 32. h4 Ne6 33. Ne4 Nc5 34.
Rhf1 Nxe4 35. Bxe4 Rd6 36. Qf2 Rxd1 37. Qxf7+ Kh8 38. Bxg6 Rd2+ 39. Kf3 Qc6+
40. Be4 Qh6 41. Rg1 Rf8 0-1

[Event "SG Kaltern/Tramin 2 - Groeden II"]
[Site "?"]
[Date "2013.11.09"]
[Round "2.4"]
[White "Filosi, Gianluigi"]
[Black "Taschler, Manuel"]
[Result "1-0"]
[WhiteElo "1676"]
[BlackElo "1580"]
[PlyCount "85"]
[EventDate "2013.??.??"]

1. d4 d6 2. Nf3 Nf6 3. b3 g6 4. Bb2 Bg7 5. e3 Bg4 6. Be2 Nbd7 7. Nbd2 O-O 8.
O-O c5 9. c4 Re8 10. h3 Bxf3 11. Bxf3 Rb8 12. Qc2 b5 13. Rad1 Qb6 14. d5 Qa6
15. Be2 b4 16. f4 Nxd5 17. cxd5 Qxe2 18. Rde1 Qb5 19. Bxg7 Kxg7 20. g4 e6 21.
Nc4 Qa6 22. Rd1 e5 23. e4 exf4 24. Rxf4 Ne5 25. Rdf1 Rb7 26. Qb2 Kg8 27. Nxe5
Rxe5 28. Qf2 Ree7 29. Rf6 Qd3 30. Rxd6 Qxe4 31. Rd8+ Re8 32. Rxe8+ Qxe8 33.
Qxc5 Qb5 34. Rc1 Qb6 35. Qxb6 Rxb6 36. Kf2 Kf8 37. Ke3 Ke7 38. Rc7+ Kf6 39.
Rc6+ Ke5 40. Rc7 Rf6 41. Rxa7 Kxd5 42. Ra5+ Kc6 43. Ra6+ 1-0

[Event "SG Kaltern/Tramin 2 - Groeden II"]
[Site "?"]
[Date "2013.11.09"]
[Round "2.5"]
[White "Moroder, Richard"]
[Black "Sanin, Wilfried"]
[Result "1/2-1/2"]
[WhiteElo "1405"]
[BlackElo "1495"]
[PlyCount "63"]
[EventDate "2013.??.??"]

1. e4 g6 2. Nf3 Bg7 3. d4 d6 4. Be2 Nf6 5. Nc3 O-O 6. O-O b6 7. h3 Bb7 8. d5
Ba6 9. Re1 Bxe2 10. Qxe2 c6 11. Bg5 h6 12. Bf4 cxd5 13. exd5 Re8 14. Qd2 Kh7
15. Re2 Nbd7 16. Rae1 Ng8 17. Nb5 Ndf6 18. c4 a6 19. Nbd4 Qd7 20. Bh2 Rac8 21.
b3 Rc7 22. Nc6 e6 23. Nb4 a5 24. dxe6 Rxe6 25. Nd5 Rxe2 26. Rxe2 Nxd5 27. Qxd5
Bf8 28. Nd4 Rc5 29. Qf3 Bg7 30. Rd2 Be5 31. Nb5 Bxh2+ 32. Kxh2 1/2-1/2

[Event "SC Lana - SK Merania"]
[Site "?"]
[Date "2013.11.09"]
[Round "2.2"]
[White "Pichler, Norbert"]
[Black "Kaserer, Hanspeter"]
[Result "1-0"]
[WhiteElo "1627"]
[BlackElo "1711"]
[PlyCount "84"]
[EventDate "2013.??.??"]

1. d4 Nf6 2. c4 e5 3. d5 Bb4+ 4. Bd2 Qe7 5. a3 Bxd2+ 6. Nxd2 d6 7. Qc2 O-O 8.
e3 c6 9. e4 Bg4 10. Be2 Nbd7 11. Ngf3 cxd5 12. cxd5 Rfc8 13. Qd3 Nc5 14. Qe3
Bd7 15. O-O h6 16. h3 Nh5 17. Nxe5 Qxe5 18. f4 Nxf4 19. Qxf4 Qd4+ 20. Kh1 f6
21. b4 Nd3 22. Bxd3 Qxd3 23. Qxd6 Bxh3 24. gxh3 Qxd2 25. Rxf6 Qe3 26. Qe6+ Kh8
27. Rg1 Rc3 28. Rfg6 Qf3+ 29. R1g2 Rc1+ 30. Kh2 Qf4+ 31. R6g3 Re1 32. Qg4 g5
33. h4 Qc1 34. Rg1 Rf8 35. Rxe1 Qxe1 36. hxg5 Rf1 37. Qc8+ Kh7 38. Qd7+ Kh8 39.
Qe8+ Kh7 40. g6+ Kg7 41. Qe7+ Kg8 42. Qh7+ Kf8 1-0

[Event "SC Algund-SC Ridnaun"]
[Site "?"]
[Date "2013.11.09"]
[Round "2.2"]
[White "Blaas, Adam"]
[Black "Helfer, August"]
[Result "1/2-1/2"]
[WhiteElo "1409"]
[BlackElo "1582"]
[PlyCount "48"]
[EventDate "2013.??.??"]

1. e4 d6 2. Nc3 c5 3. d3 g6 4. Nf3 Nc6 5. Be3 Bg7 6. d4 Qa5 7. Bc4 e6 8. O-O
Nge7 9. Qd2 O-O 10. Bh6 a6 11. Bxg7 Kxg7 12. d5 exd5 13. exd5 Na7 14. Rfe1 Qc7
15. Qg5 f6 16. Qd2 Rf7 17. Ne4 b5 18. Bd3 Bf5 19. Nh4 Rd8 20. Nxf5+ Nxf5 21.
Nc3 Nd4 22. Ne4 Nf5 23. Nc3 Nd4 24. Ne4 Nf5 1/2-1/2

[Event "ASD Arci Scacchi BZ-SG Kaltern/Tramin"]
[Site "?"]
[Date "2013.11.23"]
[Round "3.1"]
[White "Bertagnolli, Alexander"]
[Black "Olivetti, Davide"]
[Result "1-0"]
[WhiteElo "2293"]
[BlackElo "1862"]
[PlyCount "105"]
[EventDate "2013.??.??"]

1. d4 Nf6 2. Bg5 d5 3. Nc3 c5 4. Nf3 Ne4 5. e3 Qa5 6. Bb5+ Nc6 7. O-O Nxc3 8.
Bxc6+ bxc6 9. Qd2 Ne2+ 10. Qxe2 Ba6 11. Qe1 Qb6 12. dxc5 Qb7 13. Qc3 Bxf1 14.
Rxf1 f6 15. Bh4 e5 16. e4 d4 17. Qc4 Be7 18. Ne1 Qb5 19. Qxb5 cxb5 20. Nd3 g5
21. Bg3 a5 22. a3 b4 23. axb4 axb4 24. Nxb4 Bxc5 25. Nd5 Kf7 26. h4 h6 27. c3
dxc3 28. bxc3 Rhb8 29. Kh2 Ra2 30. c4 Ra4 31. f3 Rxc4 32. Ra1 Rb7 33. Ra6 Be7
34. Kh3 Rd7 35. Ne3 Rc3 36. Ng4 h5 37. Nh6+ Kf8 38. hxg5 fxg5 39. Bxe5 Rb3 40.
Rg6 g4+ 41. Kg3 Ke8 42. Rg8+ Bf8 43. Nf5 gxf3 44. gxf3 Rdd3 45. Bd6 Rxf3+ 46.
Kh4 Rh3+ 47. Kg5 Rh1 48. Kf6 Re1 49. Rxf8+ Kd7 50. Rf7+ Ke8 51. Ng7+ Kd8 52.
Ne6+ Kc8 53. Rc7+ 1-0

[Event "ASD Arci Scacchi BZ-SG Kaltern/Tramin"]
[Site "?"]
[Date "2013.11.23"]
[Round "3.2"]
[White "Adzic, Ranko"]
[Black "Paltrinieri, Nicholas"]
[Result "0-1"]
[WhiteElo "1789"]
[BlackElo "2155"]
[PlyCount "54"]
[EventDate "2013.??.??"]

1. e4 e6 2. d4 d5 3. e5 c5 4. c3 Nc6 5. Bb5 Qb6 6. Bxc6+ bxc6 7. Ne2 Ba6 8.
dxc5 Bxc5 9. O-O Qb8 10. b4 Qxe5 11. Re1 Bb6 12. Nd4 Qf6 13. Qg4 h5 14. Qf4
Qxf4 15. Bxf4 Nf6 16. Nd2 Rc8 17. a4 O-O 18. a5 Bc7 19. Bg5 Bd6 20. Bxf6 gxf6
21. Rab1 Kg7 22. N2f3 c5 23. Nxe6+ fxe6 24. Rxe6 Rc6 25. g3 Kf7 26. Ree1 Rb8
27. Red1 Be2 0-1

[Event "ASD Arci Scacchi BZ-SG Kaltern/Tramin"]
[Site "?"]
[Date "2013.11.23"]
[Round "3.3"]
[White "Panjkovic, Aleksandar"]
[Black "D'Ambrosio, Luca"]
[Result "1-0"]
[WhiteElo "2135"]
[BlackElo "1764"]
[PlyCount "63"]
[EventDate "2013.??.??"]

1. c4 c6 2. g3 Nf6 3. Bg2 d5 4. Nf3 g6 5. O-O Bg7 6. cxd5 cxd5 7. Qa4+ Nbd7 8.
Nc3 O-O 9. d4 Nb6 10. Qb3 e6 11. Bf4 a6 12. a4 Nc4 13. Rfd1 Nh5 14. Bg5 Qb6 15.
Qxb6 Nxb6 16. a5 Nd7 17. e4 dxe4 18. Nxe4 f6 19. Bd2 f5 20. Nd6 e5 21. Bc3 e4
22. Ng5 Ndf6 23. Bf1 Bh6 24. Bc4+ Kg7 25. h4 Rd8 26. Ndf7 Re8 27. d5 Bd7 28.
Ne5 Rec8 29. Nxd7 Rxc4 30. Nb6 Rxc3 31. bxc3 Rd8 32. Ne6+ 1-0

[Event "ASD Arci Scacchi BZ-SG Kaltern/Tramin"]
[Site "?"]
[Date "2013.11.23"]
[Round "3.4"]
[White "Romaniello, Domenico"]
[Black "Waldner, Mirko"]
[Result "0-1"]
[WhiteElo "1447"]
[BlackElo "1850"]
[PlyCount "48"]
[EventDate "2013.??.??"]

1. Nf3 Nf6 2. d4 g6 3. Nbd2 Bg7 4. e4 d6 5. Be2 O-O 6. O-O Nc6 7. c3 e5 8. d5
Ne7 9. Qc2 Nh5 10. Rd1 Nf4 11. Bf1 f5 12. c4 fxe4 13. Nxe4 Bg4 14. Bxf4 Rxf4
15. Be2 h6 16. Ne1 Bd7 17. Bf3 Qf8 18. Nd3 Rxf3 19. gxf3 Qxf3 20. Ne1 Qf4 21.
f3 Nf5 22. Rd3 Nd4 23. Qf2 Rf8 24. Kh1 Qxe4 0-1

[Event "ASD Arci Scacchi BZ-SG Kaltern/Tramin"]
[Site "?"]
[Date "2013.11.23"]
[Round "3.5"]
[White "Dallaglio, Giovanni"]
[Black "Pollana, Marco"]
[Result "1-0"]
[WhiteElo "1792"]
[BlackElo "1746"]
[PlyCount "95"]
[EventDate "2013.??.??"]

1. d4 Nc6 2. Nf3 g6 3. c4 d6 4. Nc3 Bg7 5. g3 Nf6 6. Bg2 O-O 7. b3 Re8 8. Bb2
Ng4 9. h3 Nh6 10. d5 Nb8 11. e4 e5 12. O-O f5 13. Ne1 f4 14. Nd3 g5 15. g4 Nd7
16. b4 Nb6 17. c5 Nc4 18. Bc1 a5 19. b5 dxc5 20. Nxc5 Qd6 21. Nd3 Qf6 22. f3
Qb6+ 23. Kh2 Ne3 24. Bxe3 Qxe3 25. Re1 Qb6 26. a4 Nf7 27. Qe2 h5 28. Rac1 hxg4
29. hxg4 Qh6+ 30. Kg1 Nd6 31. Nb2 Bf8 32. Bf1 Nf5 33. Qh2 Bc5+ 34. Kh1 Ng3+ 35.
Kg2 Qg6 36. Nd3 Bb6 37. Ne2 Nxe4 38. Nexf4 gxf4 39. Rxe4 Bd4 40. Nxf4 exf4 41.
Rxd4 Bxg4 42. fxg4 f3+ 43. Kh1 Re7 44. Bd3 Qg5 45. Rf1 Rf8 46. d6 cxd6 47. Rxd6
Rg7 48. Bc4+ 1-0

[Event "ASD Arci Scacchi BZ-SG Kaltern/Tramin"]
[Site "?"]
[Date "2013.11.23"]
[Round "3.6"]
[White "Pichler, Klaus"]
[Black "Thaler, Elmar"]
[Result "1/2-1/2"]
[WhiteElo "1690"]
[BlackElo "1794"]
[PlyCount "40"]
[EventDate "2013.??.??"]

1. e4 c6 2. d4 d5 3. Nc3 dxe4 4. f3 e3 5. Bxe3 Bf5 6. g4 Bg6 7. h4 h6 8. Bd3
Bxd3 9. Qxd3 e6 10. O-O-O Nf6 11. Nh3 Nbd7 12. g5 Nd5 13. g6 Qf6 14. Nxd5 exd5
15. gxf7+ Kxf7 16. f4 Bd6 17. f5 Rae8 18. Ng5+ hxg5 19. Bxg5 Bf4+ 20. Bxf4 Rxh4
1/2-1/2

[Event "Brixen/Milland-SC Naturns Jambo"]
[Site "?"]
[Date "2013.11.23"]
[Round "3.1"]
[White "Mukic, Josko"]
[Black "Sader, Michael"]
[Result "1-0"]
[WhiteElo "2265"]
[BlackElo "2179"]
[PlyCount "63"]
[EventDate "2013.??.??"]

1. e4 d6 2. d4 Nf6 3. Nc3 g6 4. Bg5 Bg7 5. f4 h6 6. Bh4 c6 7. Nf3 d5 8. Bxf6
Bxf6 9. e5 Bg7 10. Bd3 Bg4 11. h3 Bxf3 12. Qxf3 e6 13. O-O-O b5 14. Rhf1 b4 15.
Ne2 Nd7 16. Kb1 Qa5 17. f5 gxf5 18. g4 O-O-O 19. gxf5 Rhe8 20. fxe6 fxe6 21.
Qg4 Re7 22. Nf4 Nf8 23. Nxe6 Nxe6 24. Bf5 Kb7 25. Bxe6 Rf8 26. Rxf8 Bxf8 27.
Bc8+ Kb6 28. Qg8 Bg7 29. Qd8+ Rc7 30. e6 Qb5 31. Rd3 Bxd4 32. e7 1-0